[Event "Mislata op-C"]
[Site "Mislata"]
[Date "2010.08.17"]
[Round "3"]
[White "Pons Botella, Jose Antonio"]
[Black "Cortes Recaman, Manuel"]
[Result "1/2-1/2"]
[WhiteElo "1725"]
[BlackElo "1791"]
[PlyCount "53"]
[EventDate "2010.08.16"]
[EventType "swiss"]
[EventRounds "9"]
[EventCountry "ESP"]
[SourceTitle "EXT 2012"]
[Source "ChessBase"]
[SourceDate "2011.11.24"]
[SourceVersion "1"]
[SourceVersionDate "2011.11.24"]
[SourceQuality "1"]

1. c4 Nf6 2. Nc3 g6 3. g3 c6 4. Bg2 Bg7 5. d4 d6 6. e4 0-0 7. Nge2 Ng4 8. h3 Nf6 9. 0-0 a5 10. Rb1 Na6 11. Be3 Bd7 12. Qd2 Rb8 13. Bh6 e5 14. Bxg7 Kxg7 15. a3 b5 16. cxb5 cxb5 17. dxe5 dxe5 18. Rfd1 b4 19. axb4 Nxb4 20. Nd5 Ba4 21. b3 Bc6 22. Nec3 h6 23. Nxf6 Qxf6 24. Nd5 Qd6 25. Ra1 Qc5 26. Rac1 Qb5 27. Ne3 1/2-1/2